| 000 | 00576nam a2200181Ia 4500 | ||
|---|---|---|---|
| 008 | 090123s9999 xx 000 0 und d | ||
| 082 | _b29349 | ||
| 100 | _aखाडिलकर नीलकंठ यशवंत | ||
| 245 | _aटॉवर्स | ||
| 250 | _a1 | ||
| 260 |
_bपरचुरे प्रकाशन _c1999 |
||
| 300 | _a275 | ||
| 600 | _aखाडिलकर नीलकंठ यशवंत | ||
| 630 | _aटॉवर्स | ||
| 700 | _aखाडिलकर नीलकंठ यशवंत | ||
| 730 | _aटॉवर्स | ||
| 942 | _cBOOK | ||
| 999 |
_c68146 _d68146 |
||